000
00182nam a2200073Ia 4500
008
170817s9999 xx 000 0 und d
100
_a
SHARMA R.A.
245
0
_a
SHIKSHA TAQNIQUEE EVAM PRABANDH
260
_b
SURYA PUB.
999
_c
36960
_d
36960